000
00301nam a22001217a 4500
020
_a
086227921
082
_a
155.41315
_b
MCK
_c
N-01,p-40
245
_a
My big book of learning
300
_a
150 p.:
_b
ill ;.
_c
25
526
_a
0
_b
0
_c
0
_d
155_413150000000000_MCK
650
_b
NUST
_9
6342
942
_2
ddc
_c
BK
999
_c
541426
_d
541426